[Event "Dortmund Sparkassen op-B 47th"]
[Site "Dortmund"]
[Date "2019.07.21"]
[Round "9"]
[White "Werthmann, Niklas"]
[Black "Koelz, Niklas"]
[Result "1/2-1/2"]
[WhiteElo "1675"]
[BlackElo "1975"]
[PlyCount "61"]
[EventDate "2019.07.13"]
[EventType "swiss"]
[EventRounds "9"]
[EventCountry "GER"]
[SourceTitle "CBM 192 Extra"]
[Source "Chessbase"]
[SourceDate "2019.11.06"]
[SourceVersion "1"]
[SourceVersionDate "2019.11.06"]
[SourceQuality "1"]

1. e4 c5 2. Nc3 e6 3. f4 d5 4. Bb5+ Nc6 5. Bxc6+ bxc6 6. Nf3 Bd6 7. d3 Qc7 8. e5 Be7 9. 0-0 Ba6 10. b3 Nh6 11. Re1 Rd8 12. Ba3 c4 13. Bxe7 Qxe7 14. dxc4 dxc4 15. Qe2 0-0 16. Ne4 Qb4 17. Qe3 Qb6 18. Qxb6 axb6 19. Nd6 Nf5 20. Nxf5 exf5 21. Rad1 cxb3 22. axb3 Rxd1 23. Rxd1 Be2 24. Rd7 Bxf3 25. gxf3 Rc8 26. Kf2 h6 27. h4 Re8 28. Rc7 Re6 29. c4 f6 30. exf6 Rxf6 31. b4 1/2-1/2

[Event "Dortmund Sparkassen op-B 47th"]
[Site "Dortmund"]
[Date "2019.07.19"]
[Round "7"]
[White "Schulz Runge, Michael"]
[Black "Koelz, Niklas"]
[Result "1-0"]
[WhiteElo "1799"]
[BlackElo "1975"]
[PlyCount "53"]
[EventDate "2019.07.13"]
[EventType "swiss"]
[EventRounds "9"]
[EventCountry "GER"]
[SourceTitle "CBM 192 Extra"]
[Source "Chessbase"]
[SourceDate "2019.11.06"]
[SourceVersion "1"]
[SourceVersionDate "2019.11.06"]
[SourceQuality "1"]

1. c4 e5 2. g3 Nc6 3. Bg2 Bc5 4. Nc3 d6 5. e3 a6 6. Nge2 Ba7 7. d4 exd4 8. exd4 Nge7 9. 0-0 0-0 10. Bg5 f6 11. Be3 Bg4 12. f3 Be6 13. b3 Nf5 14. Bf2 Bf7 15. g4 Nfe7 16. f4 Qd7 17. d5 Nb8 18. Bxa7 Rxa7 19. f5 c5 20. Nf4 g6 21. Ne4 Kg7 22. Ne6+ Bxe6 23. fxe6 Qd8 24. Qf3 Nc8 25. Qc3 Nb6 26. Nxf6 Rxf6 27. g5 1-0

[Event "GER-chT U20"]
[Site "Osnabrueck"]
[Date "2018.12.29"]
[Round "6.4"]
[White "Koelz, Niklas"]
[Black "Reindl, Knut"]
[Result "1/2-1/2"]
[WhiteElo "1778"]
[BlackElo "1857"]
[PlyCount "91"]
[EventDate "2018.12.27"]
[EventType "team-swiss"]
[EventRounds "7"]
[EventCountry "GER"]
[SourceTitle "CBM 188 Extra"]
[Source "ChessBase"]
[SourceDate "2019.02.26"]
[SourceVersion "1"]
[SourceVersionDate "2019.02.26"]
[SourceQuality "1"]
[WhiteTeam "Halver Schalksmuehle"]
[BlackTeam "Schwaebisch Gmuend"]
[WhiteTeamCountry "GER"]
[BlackTeamCountry "GER"]

1. c4 c5 2. f4 Nc6 3. Nc3 g6 4. e4 Bg7 5. Nf3 d6 6. d3 Nf6 7. Be2 0-0 8. h3 Ne8 9. Be3 Nc7 10. Qd2 a6 11. d4 cxd4 12. Nxd4 Rb8 13. 0-0 Nxd4 14. Bxd4 Bxd4+ 15. Qxd4 b5 16. Rad1 bxc4 17. Bxc4 Nb5 18. Bxb5 axb5 19. e5 Qb6 20. Qxb6 Rxb6 21. Nd5 Rb7 22. exd6 exd6 23. Nf6+ Kg7 24. Rxd6 Be6 25. Nd5 Rc8 26. Nb4 Rc4 27. a3 Re4 28. Rd2 Bc4 29. Rf3 Rbe7 30. Rdf2 h5 31. f5 gxf5 32. Rxf5 h4 33. Kh2 Rd7 34. Nc6 Rd6 35. Ne5 Rd1 36. Nf3 f6 37. g4 hxg3+ 38. Kxg3 Rd3 39. Rf4 Ree3 40. a4 Rb3 41. axb5 Bxb5 42. Kh4 Bd7 43. Kg3 Bc6 44. h4 Be4 45. Kg2 f5 46. Kg3 1/2-1/2

[Event "GER-chT U20"]
[Site "Osnabrueck"]
[Date "2018.12.28"]
[Round "4.4"]
[White "Hennemann, Florian"]
[Black "Koelz, Niklas"]
[Result "1/2-1/2"]
[WhiteElo "1869"]
[BlackElo "1778"]
[PlyCount "63"]
[EventDate "2018.12.27"]
[EventType "team-swiss"]
[EventRounds "7"]
[EventCountry "GER"]
[SourceTitle "CBM 188 Extra"]
[Source "ChessBase"]
[SourceDate "2019.02.26"]
[SourceVersion "1"]
[SourceVersionDate "2019.02.26"]
[SourceQuality "1"]
[WhiteTeam "Bensheim"]
[BlackTeam "Halver Schalksmuehle"]
[WhiteTeamCountry "GER"]
[BlackTeamCountry "GER"]

1. e4 c5 2. Nf3 e6 3. d4 cxd4 4. Nxd4 a6 5. c4 Nf6 6. Bd3 Nc6 7. Be3 Qc7 8. 0-0 Nb4 9. Nc3 Nxd3 10. Qxd3 b6 11. f3 Bb7 12. Rac1 Be7 13. Kh1 d6 14. b3 Nd7 15. Qd2 h6 16. Nc2 Rd8 17. Bf4 Nf6 18. Bg3 Nh5 19. Bf2 Bc6 20. Nb4 Bg5 21. Be3 Bxe3 22. Qxe3 Qb7 23. Rfd1 0-0 24. Rd2 Rd7 25. Rcd1 Rfd8 26. Nd3 Qc7 27. Nf4 Nf6 28. g3 Qb7 29. a3 Kh7 30. Kg2 Ne8 31. g4 g6 32. Kg3 1/2-1/2

[Event "GER-chT U16"]
[Site "Walldorf"]
[Date "2017.12.29"]
[Round "6.3"]
[White "Koelz, Niklas"]
[Black "Engel, Robert"]
[Result "0-1"]
[WhiteElo "1824"]
[BlackElo "1969"]
[PlyCount "72"]
[EventDate "2017.12.26"]
[EventType "team-swiss"]
[EventRounds "7"]
[EventCountry "GER"]
[SourceTitle "CBM 182 Extra"]
[Source "ChessBase"]
[SourceDate "2018.02.23"]
[SourceVersion "1"]
[SourceVersionDate "2018.02.23"]
[SourceQuality "1"]
[WhiteTeam "Halver Schalksmuehle"]
[BlackTeam "Hamburger SK"]
[WhiteTeamCountry "GER"]
[BlackTeamCountry "GER"]

1. c4 e5 2. g3 Nf6 3. Bg2 c6 4. e4 d5 5. exd5 cxd5 6. cxd5 Bc5 7. Nc3 0-0 8. Nge2 Nbd7 9. 0-0 Bd4 10. Nxd4 exd4 11. Ne2 Ne5 12. Qb3 d3 13. Nd4 Re8 14. f4 Ng6 15. Qc4 h5 16. b3 Qa5 17. b4 Qb6 18. Kh1 h4 19. Bb2 Nh5 20. Qxd3 hxg3 21. hxg3 Qxb4 22. Bc3 Qe7 23. Qf3 Nf6 24. d3 Bg4 25. Qf2 Qe3 26. f5 Qh6+ 27. Kg1 Ne5 28. Be4 Rad8 29. Nb5 Nxe4 30. dxe4 Nf3+ 31. Qxf3 Bxf3 32. Rxf3 Qb6+ 33. Nd4 Rxe4 34. Rd1 Rxd5 35. Rfd3 Rxf5 36. Kg2 Re2+ 0-1

[Event "GER-chT U16"]
[Site "Neumarkt in der Oberpfalz"]
[Date "2016.12.28"]
[Round "4.2"]
[White "Burian, Simon"]
[Black "Koelz, Niklas"]
[Result "1-0"]
[WhiteElo "1828"]
[BlackElo "1817"]
[PlyCount "117"]
[EventDate "2016.12.27"]
[EventType "team-swiss"]
[EventRounds "7"]
[EventCountry "GER"]
[SourceTitle "EXT 2018"]
[Source "ChessBase"]
[SourceDate "2017.10.13"]
[SourceVersion "1"]
[SourceVersionDate "2017.10.13"]
[SourceQuality "1"]
[WhiteTeam "Plauen Koenig"]
[BlackTeam "Halver Schalksmuehle"]
[WhiteTeamCountry "GER"]
[BlackTeamCountry "GER"]

1. e4 c5 2. Nf3 e6 3. d4 cxd4 4. Nxd4 a6 5. c4 Nf6 6. Nc3 Bb4 7. f3 Qc7 8. Be3 0-0 9. Rc1 Nc6 10. Nxc6 dxc6 11. Be2 e5 12. 0-0 Be7 13. a3 a5 14. c5 Be6 15. Qc2 Rfd8 16. Na4 Nd7 17. Qc3 Kh8 18. Bd3 Rf8 19. f4 f6 20. g4 Rg8 21. Kh1 g5 22. Be2 Rg7 23. Rcd1 h5 24. h3 h4 25. Rd2 Bg8 26. Rfd1 Nf8 27. Nb6 Ra7 28. Bc4 Kh7 29. Bxg8+ Kxg8 30. Qc4+ Kh8 31. b4 axb4 32. axb4 Ra3 33. Rd3 Rxd3 34. Rxd3 Kh7 35. Qc2 Kh8 36. Ra3 Bd8 37. Ra8 Qe7 38. Qd2 Bc7 39. Nc4 Rg8 40. Nd6 b5 41. cxb6 Bxd6 42. Ra7 Qd8 43. Bc5 Be7 44. Qxd8 Bxd8 45. Rf7 Bxb6 46. Bxb6 Nh7 47. Rc7 Ra8 48. Rxc6 Ra1+ 49. Kg2 Ra2+ 50. Bf2 Rb2 51. Rb6 Kg7 52. Rb7+ Kg8 53. b5 Nf8 54. b6 Kh8 55. Rc7 Kg8 56. b7 Kh8 57. Kf1 Rb1+ 58. Ke2 Rb2+ 59. Kd1 1-0

[Event "GER-chT U14"]
[Site "Verden"]
[Date "2015.12.30"]
[Round "7.3"]
[White "Koelz, Niklas"]
[Black "Haeusler, Luis"]
[Result "1-0"]
[WhiteElo "1633"]
[BlackElo "1390"]
[PlyCount "57"]
[EventDate "2015.12.27"]
[EventType "team-swiss"]
[EventRounds "7"]
[EventCountry "GER"]
[SourceTitle "EXT 2017"]
[Source "ChessBase"]
[SourceDate "2016.10.25"]
[SourceVersion "1"]
[SourceVersionDate "2016.10.25"]
[SourceQuality "1"]
[WhiteTeam "Halver Schalksmuehle"]
[BlackTeam "Stetten"]
[WhiteTeamCountry "GER"]
[BlackTeamCountry "GER"]

1. e4 c5 2. Nf3 d6 3. d4 cxd4 4. Nxd4 Nf6 5. Nc3 a6 6. f3 e6 7. Be3 Be7 8. Qd2 b5 9. g4 Bb7 10. 0-0-0 Qc7 11. Kb1 Nfd7 12. Bg5 Bxg5 13. Qxg5 0-0 14. h4 Nc6 15. Nxc6 Qxc6 16. a3 f5 17. gxf5 exf5 18. Nd5 Kh8 19. Ne7 Qc5 20. Nxf5 Rxf5 21. exf5 Bxf3 22. Rg1 Rg8 23. Re1 Nf6 24. Bd3 Qc7 25. Re6 Bd5 26. Re2 Re8 27. Qxf6 Rxe2 28. Qf8+ Bg8 29. Bxe2 1-0

[Event "GER-chT U14"]
[Site "Verden"]
[Date "2015.12.28"]
[Round "4.3"]
[White "Engel, Robert"]
[Black "Koelz, Niklas"]
[Result "0-1"]
[WhiteElo "1756"]
[BlackElo "1633"]
[PlyCount "84"]
[EventDate "2015.12.27"]
[EventType "team-swiss"]
[EventRounds "7"]
[EventCountry "GER"]
[SourceTitle "EXT 2017"]
[Source "ChessBase"]
[SourceDate "2016.10.25"]
[SourceVersion "1"]
[SourceVersionDate "2016.10.25"]
[SourceQuality "1"]
[WhiteTeam "Hamburger SK"]
[BlackTeam "Halver Schalksmuehle"]
[WhiteTeamCountry "GER"]
[BlackTeamCountry "GER"]

1. e4 c5 2. Nf3 e6 3. g3 Qc7 4. Bg2 d6 5. 0-0 Nd7 6. d3 Be7 7. Nbd2 b6 8. Ne1 Bb7 9. f4 Ngf6 10. Nef3 d5 11. e5 Nh5 12. Qe2 g6 13. a4 Ng7 14. Nb3 a5 15. Re1 h5 16. Be3 Nf5 17. Bf2 Rc8 18. Nbd2 Ba6 19. c4 d4 20. Ne4 Bb7 21. Nfd2 Kf8 22. h3 Ng7 23. Rf1 f5 24. exf6 Bxf6 25. Nxf6 Nxf6 26. Ne4 Nxe4 27. Bxe4 Qf7 28. Rae1 Re8 29. Bxb7 Qxb7 30. Qe4 Qf7 31. Qc6 Qf5 32. Qxb6 Qxh3 33. Qxc5+ Kf7 34. Qg5 Nf5 35. Re2 h4 36. g4 Ng3 37. Bxg3 hxg3 38. Qh5 gxh5 39. f5 hxg4 40. fxe6+ Kg6 41. Rf6+ Kxf6 42. Rf2+ gxf2+ 0-1

[Event "GER-chT U14"]
[Site "Verden"]
[Date "2015.12.27"]
[Round "1.3"]
[White "Koelz, Niklas"]
[Black "De Rentiis, Davide Luca"]
[Result "1-0"]
[WhiteElo "1633"]
[BlackElo "1287"]
[PlyCount "59"]
[EventDate "2015.12.27"]
[EventType "team-swiss"]
[EventRounds "7"]
[EventCountry "GER"]
[SourceTitle "EXT 2017"]
[Source "ChessBase"]
[SourceDate "2016.10.25"]
[SourceVersion "1"]
[SourceVersionDate "2016.10.25"]
[SourceQuality "1"]
[WhiteTeam "Halver Schalksmuehle"]
[BlackTeam "Bebenhausen"]
[WhiteTeamCountry "GER"]
[BlackTeamCountry "GER"]

1. e4 c5 2. Nf3 Nc6 3. d4 cxd4 4. Nxd4 g6 5. c4 Nf6 6. Nc3 d6 7. Be2 Nxd4 8. Qxd4 Bg7 9. f3 0-0 10. Qd3 Be6 11. Be3 Qa5 12. Qd2 Rfc8 13. Nd5 Qxd2+ 14. Bxd2 Nxd5 15. cxd5 Bd7 16. Rc1 Rxc1+ 17. Bxc1 Bd4 18. Bd3 Rc8 19. Ke2 Ba4 20. b3 Bd7 21. Bd2 a6 22. g4 Bb5 23. Bxb5 axb5 24. Kd3 Bg7 25. h4 Ra8 26. Rc1 Rxa2 27. Rc8+ Bf8 28. Bh6 Rd2+ 29. Kxd2 b6 30. Rxf8# 1-0

[Event "GER-chT U14"]
[Site "Regensburg"]
[Date "2014.12.30"]
[Round "7.2"]
[White "Ramien, David"]
[Black "Koelz, Niklas"]
[Result "1/2-1/2"]
[WhiteElo "1908"]
[BlackElo "1688"]
[PlyCount "86"]
[EventDate "2014.12.27"]
[EventType "team-swiss"]
[EventRounds "7"]
[EventCountry "GER"]
[SourceTitle "EXT 2016"]
[Source "ChessBase"]
[SourceDate "2015.10.08"]
[SourceVersion "1"]
[SourceVersionDate "2015.10.08"]
[SourceQuality "1"]
[WhiteTeam "Porz SG"]
[BlackTeam "Halver Schalksmuehle"]
[WhiteTeamCountry "GER"]
[BlackTeamCountry "GER"]

1. e4 c5 2. Nf3 e6 3. c4 Nc6 4. d4 cxd4 5. Nxd4 Qb6 6. Nb3 Na5 7. Be3 Qc7 8. N1d2 Nf6 9. Bd3 Nxb3 10. Qxb3 Bc5 11. Bxc5 Qxc5 12. 0-0 0-0 13. Qc3 e5 14. b4 Qc7 15. c5 d5 16. Qc2 d4 17. Bc4 Kh8 18. Bd5 Bg4 19. Nc4 Rad8 20. f3 Bc8 21. Qa4 Nxd5 22. exd5 Rxd5 23. Qxa7 Rdd8 24. Nd6 Bd7 25. Rfc1 Ra8 26. Qxb7 Qxb7 27. Nxb7 Rab8 28. c6 Bxc6 29. Rxc6 Rxb7 30. Rb1 g6 31. b5 Ra8 32. b6 Ra6 33. Rb2 Kg7 34. Kf2 Kf8 35. g4 Ke8 36. g5 Kd7 37. Rf6 Ke7 38. Ke2 Ra3 39. Rc6 Ra6 40. Kf2 Kf8 41. Rc8+ Ke7 42. Rc7+ Rxc7 43. bxc7 Rc6 1/2-1/2

[Event "GER-chT U14"]
[Site "Regensburg"]
[Date "2014.12.29"]
[Round "6.2"]
[White "Koelz, Niklas"]
[Black "Roseneck, Jonas"]
[Result "0-1"]
[WhiteElo "1688"]
[BlackElo "1816"]
[PlyCount "118"]
[EventDate "2014.12.27"]
[EventType "team-swiss"]
[EventRounds "7"]
[EventCountry "GER"]
[SourceTitle "EXT 2016"]
[Source "ChessBase"]
[SourceDate "2015.10.08"]
[SourceVersion "1"]
[SourceVersionDate "2015.10.08"]
[SourceQuality "1"]
[WhiteTeam "Halver Schalksmuehle"]
[BlackTeam "Magdeburg Aufbau Elbe"]
[WhiteTeamCountry "GER"]
[BlackTeamCountry "GER"]

1. e4 c5 2. Nf3 d6 3. d4 cxd4 4. Nxd4 Nf6 5. Nc3 a6 6. Bg5 e6 7. f4 Be7 8. Qf3 h6 9. Bh4 Qc7 10. Bf2 Nbd7 11. Bd3 b5 12. a3 Bb7 13. g4 g5 14. fxg5 Ne5 15. Qh3 Nfxg4 16. Bg3 Bxg5 17. Qh5 0-0-0 18. h3 Nf6 19. Qe2 h5 20. Rf1 Nfd7 21. Bf2 Nc4 22. Bg3 Nxb2 23. Ncxb5 axb5 24. Nxb5 Qa5+ 25. c3 Nc5 26. Bb1 Nba4 27. Qc4 Ba6 28. Na7+ Kb7 29. Rxf7+ Ka8 30. Nc6 Bxc4 31. Nxa5 Bb5 32. c4 Be8 33. Rf3 Ka7 34. Nb3 Nxb3 35. Rxb3 Nc5 36. Rb4 Bc6 37. Bc2 Nxe4 38. Bxe4 Bxe4 39. c5 Bc6 40. cxd6 Be3 41. Rc4 Bd5 42. Ra4+ Kb6 43. Rb1+ Kc5 44. Ke2 Bh6 45. Ra5+ Kd4 46. Rb4+ Bc4+ 47. Kd1 Kd3 48. Rc5 Rc8 49. Rbxc4 Rxc5 50. Rxc5 Rb8 51. Ke1 Rb1+ 52. Kf2 Be3+ 53. Kg2 Bxc5 54. d7 Bb6 55. Bh4 Rg1+ 56. Kf3 Rg8 57. Kf4 Bd8 58. Be1 Rg7 59. Ke5 Rxd7 0-1

[Event "GER-chT U14"]
[Site "Regensburg"]
[Date "2014.12.27"]
[Round "2.2"]
[White "Koelz, Niklas"]
[Black "Balazs, Balint"]
[Result "0-1"]
[WhiteElo "1688"]
[BlackElo "1942"]
[PlyCount "100"]
[EventDate "2014.12.27"]
[EventType "team-swiss"]
[EventRounds "7"]
[EventCountry "GER"]
[SourceTitle "EXT 2016"]
[Source "ChessBase"]
[SourceDate "2015.10.08"]
[SourceVersion "1"]
[SourceVersionDate "2015.10.08"]
[SourceQuality "1"]
[WhiteTeam "Halver Schalksmuehle"]
[BlackTeam "Hagen"]
[WhiteTeamCountry "GER"]
[BlackTeamCountry "GER"]

1. e4 d5 2. exd5 Qxd5 3. Nc3 Qa5 4. d4 Nf6 5. Nf3 Bg4 6. h3 Bh5 7. g4 Bg6 8. Ne5 c6 9. Nxg6 hxg6 10. Bg2 e6 11. Bd2 Qc7 12. f4 Bd6 13. Qf3 Nbd7 14. 0-0-0 0-0-0 15. Rhf1 Nd5 16. Ne4 Be7 17. c4 N5f6 18. Nxf6 Bxf6 19. Be3 Nb6 20. Qe2 Rd7 21. Rd2 Rhd8 22. Rfd1 Na4 23. Kc2 c5 24. dxc5 Rxd2+ 25. Rxd2 Rxd2+ 26. Qxd2 Nxb2 27. Bf1 Na4 28. Qb4 Qc6 29. Kb3 Nc3 30. g5 Nd1 31. gxf6 gxf6 32. Bd4 Qf3+ 33. Kc2 Qxf1 34. Qd2 e5 35. Qxd1 Qxd1+ 36. Kxd1 exd4 37. Kd2 Kd7 38. Kd3 f5 39. Kxd4 f6 40. h4 Kc6 41. a3 a6 42. Kd3 Kxc5 43. Kc3 a5 44. Kd3 b5 45. cxb5 Kxb5 46. Kc2 Kc4 47. Kb2 a4 48. Kc2 Kd4 49. Kd2 Ke4 50. Kc3 Kxf4 0-1

[Event "GER-chT U14"]
[Site "Regensburg"]
[Date "2014.12.27"]
[Round "1.2"]
[White "Wenzel, Calvin"]
[Black "Koelz, Niklas"]
[Result "0-1"]
[WhiteElo "1438"]
[BlackElo "1688"]
[PlyCount "106"]
[EventDate "2014.12.27"]
[EventType "team-swiss"]
[EventRounds "7"]
[EventCountry "GER"]
[SourceTitle "EXT 2016"]
[Source "ChessBase"]
[SourceDate "2015.10.08"]
[SourceVersion "1"]
[SourceVersionDate "2015.10.08"]
[SourceQuality "1"]
[WhiteTeam "Bickenbach"]
[BlackTeam "Halver Schalksmuehle"]
[WhiteTeamCountry "GER"]
[BlackTeamCountry "GER"]

1. e4 c5 2. Nf3 e6 3. d4 cxd4 4. Nxd4 a6 5. Nc3 Qc7 6. Be3 Nf6 7. f3 Bb4 8. Bd2 Nc6 9. Nb3 d5 10. a3 Be7 11. Be3 dxe4 12. Nxe4 Nxe4 13. fxe4 0-0 14. Bd3 e5 15. 0-0 Be6 16. Rc1 Rad8 17. Nd2 Nd4 18. Nf3 Bg4 19. c3 Nxf3+ 20. gxf3 Bh3 21. Rf2 Bh4 22. Rd2 Qc6 23. Bf1 Qg6+ 24. Kh1 Rxd2 25. Qxd2 Rd8 26. Qe2 Bxf1 27. Rxf1 f5 28. exf5 Qf7 29. Bb6 Re8 30. Qe4 Bg5 31. Rd1 Kh8 32. h4 Bf6 33. Kg2 Qb3 34. Rd6 Qxb2+ 35. Kg3 Qxc3 36. Qxb7 e4 37. Qf7 Rg8 38. Re6 Qxf3+ 39. Kh2 Qxf5 40. Re8 Be5+ 41. Rxe5 Qxf7 42. Rxe4 Qb3 43. Rb4 Qxa3 44. Bc5 Qa5 45. Bd6 Qd5 46. Bf4 h6 47. Kg3 Rc8 48. Rb2 Qd3+ 49. Kg4 Rc3 50. Rh2 Qd7+ 51. Kh5 Qf5+ 52. Bg5 Rc4 53. Rd2 Qf7# 0-1

[Event "GER-chT U12"]
[Site "Verden"]
[Date "2012.12.29"]
[Round "6.1"]
[White "Stirner, Christof"]
[Black "Koelz, Niklas"]
[Result "0-1"]
[WhiteElo "1451"]
[BlackElo "1606"]
[PlyCount "52"]
[EventDate "2012.12.27"]
[EventType "team-swiss"]
[EventRounds "7"]
[EventCountry "GER"]
[SourceTitle "EXT 2014"]
[Source "ChessBase"]
[SourceDate "2013.11.20"]
[SourceVersion "1"]
[SourceVersionDate "2013.11.20"]
[SourceQuality "1"]
[WhiteTeam "Spaichingen"]
[BlackTeam "Halver Schalksmuehle"]
[WhiteTeamCountry "GER"]
[BlackTeamCountry "GER"]

1. e4 c5 2. Nf3 e6 3. d4 cxd4 4. Nxd4 a6 5. Be3 Nf6 6. Nc3 Bb4 7. Bd3 Bxc3+ 8. bxc3 Qc7 9. Qd2 d6 10. 0-0 Nbd7 11. c4 b6 12. Rab1 Rb8 13. Rb2 Nc5 14. Rfb1 0-0 15. f3 Bd7 16. Ne2 Rb7 17. Ng3 Rfb8 18. Bg5 Ne8 19. Be3 b5 20. cxb5 Bxb5 21. Bxb5 Rxb5 22. Rxb5 Rxb5 23. Rc1 h6 24. Bf4 Qb6 25. Bxd6 Nxe4+ 26. Kf1 Nxd2+ 0-1

[Event "GER-ch U10"]
[Site "Oberhof"]
[Date "2011.06.15"]
[Round "7"]
[White "Koelz, Niklas"]
[Black "Sanati, Charlotte"]
[Result "1-0"]
[WhiteElo "1479"]
[BlackElo "1284"]
[PlyCount "139"]
[EventDate "2011.06.11"]
[EventType "swiss"]
[EventRounds "11"]
[EventCountry "GER"]
[SourceTitle "CBM 142 Extra"]
[Source "ChessBase"]
[SourceDate "2011.06.27"]
[SourceVersion "1"]
[SourceVersionDate "2011.06.27"]
[SourceQuality "1"]

1. c4 c5 2. g3 Nc6 3. Bg2 e5 4. Nc3 g6 5. e3 Bg7 6. Nge2 Nge7 7. 0-0 d6 8. f4 0-0 9. d3 Rb8 10. a3 Be6 11. Nd5 Qd7 12. Nec3 Nf5 13. Ne4 Qd8 14. Rb1 f6 15. b4 b6 16. Nexf6+ Bxf6 17. Nxf6+ Qxf6 18. Bxc6 Rbc8 19. Bg2 Qg7 20. Qd2 Qh6 21. fxe5 dxe5 22. e4 Qxd2 23. Bxd2 Nd4 24. Rxf8+ Rxf8 25. bxc5 bxc5 26. Be3 Rd8 27. Bf1 Rc8 28. Bxd4 exd4 29. Be2 Rc7 30. Bf3 Kf7 31. a4 Bd7 32. a5 Ba4 33. Rb2 Kf6 34. a6 Re7 35. Ra2 Bd7 36. Bd1 Ke5 37. Ba4 Bh3 38. Rf2 Rc7 39. Bb5 h5 40. Rf8 Rg7 41. Bc6 g5 42. Re8+ Kd6 43. Bd5 Rg6 44. Rf8 Ke7 45. Rf7+ Ke8 46. e5 Rxa6 47. Rc7 Ra1+ 48. Kf2 Ra2+ 49. Ke1 Ra1+ 50. Kd2 a5 51. Rxc5 a4 52. Ra5 Bf5 53. Bc6+ Ke7 54. Ra7+ Kd8 55. Rxa4 Rxa4 56. Bxa4 Ke7 57. c5 Bc8 58. Bb3 Kd7 59. Bd5 Ke7 60. c6 Kd8 61. Kc2 Ke7 62. Kb3 Be6 63. Bxe6 Kxe6 64. Kc4 Ke7 65. Kxd4 Kd8 66. e6 h4 67. g4 h3 68. Ke5 Ke7 69. c7 Ke8 70. c8Q+ 1-0

[Event "GER-ch U10"]
[Site "Oberhof"]
[Date "2011.06.14"]
[Round "5"]
[White "Koelz, Niklas"]
[Black "Arnhold, Steffi"]
[Result "1-0"]
[WhiteElo "1479"]
[BlackElo "1117"]
[PlyCount "75"]
[EventDate "2011.06.11"]
[EventType "swiss"]
[EventRounds "11"]
[EventCountry "GER"]
[SourceTitle "CBM 142 Extra"]
[Source "ChessBase"]
[SourceDate "2011.06.27"]
[SourceVersion "1"]
[SourceVersionDate "2011.06.27"]
[SourceQuality "1"]

1. c4 Nf6 2. g3 e6 3. Bg2 d5 4. Nf3 c5 5. 0-0 Nc6 6. d3 a6 7. Be3 Rb8 8. Nbd2 b5 9. Nb3 Qb6 10. d4 cxd4 11. Nbxd4 Nxd4 12. Bxd4 Qd8 13. c5 Ne4 14. c6 Qc7 15. Rc1 Nd6 16. Be5 Rb6 17. Qc2 Qb8 18. Bd4 Nc4 19. Bxb6 Qxb6 20. Rfd1 Bd6 21. b3 Na5 22. e4 0-0 23. exd5 exd5 24. Rxd5 Ba3 25. Rcd1 Nxc6 26. Ng5 g6 27. R5d2 Nb4 28. Qe4 Bf5 29. Qb7 Qf6 30. Ne4 Qe5 31. Nd6 Bc2 32. Nxf7 Qe8 33. Nh6+ Kh8 34. Rd8 Qxd8 35. Rxd8 Rxd8 36. Nf7+ Kg8 37. Nxd8 Kf8 38. Qf7# 1-0